Loading...
Law of crimes: vol.2
| Main Author: | |
|---|---|
| Other Authors: | |
| Format: | Printed Book |
| Published: |
New Delhi
Bharat Law House
1997
|
| Edition: | 24th ed. |
| Subjects: |
| LEADER | 00504cam a2200181ua 4500 | ||
|---|---|---|---|
| 020 | |a 81-85224-78-1 | ||
| 082 | |a 345 |b RAT/L.2 | ||
| 100 | |a Ratanlal | ||
| 245 | 0 | 0 | |a Law of crimes: vol.2 |
| 250 | |a 24th ed. | ||
| 260 | |a New Delhi |b Bharat Law House |c 1997 | ||
| 300 | |a 2616p. | ||
| 500 | |a Includes index. | ||
| 650 | 0 | |a Criminal law | |
| 700 | 0 | 2 | |a Dhirajlal |
| 942 | |c REF | ||
| 999 | |c 9927 |d 9927 | ||
| 952 | |0 0 |1 0 |4 0 |6 345_000000000000000_RATL |7 0 |9 10345 |a KUCL |b KUCL |d 2014-05-23 |l 0 |o 345 RAT/L |p 03267 |r 2017-03-04 |y REF | ||